000 01251nam a2200265Ia 4500
001 16350
003 GE_BSU
008 181216s||||||||xx |||||||||||||| ||und||
020 _aISBN 99928-32-32-0
040 _cGE_BSU
080 _a347.73(100)(075.8)
100 _aშენგელია, რომან
245 _aსაზღვარგარეთის ქვეყნების საფინანსო სამართალი = Financial Law of Foreign Countries = Финансовое прово зарубежних стран
245 _bსახელმძღვ. იურისტ. და ეკონომისტ.
245 _cრედ.: ლევან ალექსიძე, ჯემალ კახნიაშვილი;მხატვ:იზა ჩიქვინიძე
260 _aთბილისი
260 _bმერიდიანი
260 _c2004
300 _a259გვ;20სმ
300 _bრეზ. რუს. და ინგლ. ენ.
541 _h20ლ.
653 _aსაზღვარგარეთის ქვეყნების საფინანსო სამართალი
653 _aსამართალი
942 _cBK
999 _c49427
_d49427